Games and information <an> introduction to game theory
Salvato in:
| Autore principale: | |
|---|---|
| Natura: | Libro |
| Lingua: | inglese |
| Pubblicazione: |
Malden
Blackwell Publishing
2001
|
| Edizione: | 3. ed. |
| Soggetti: | |
| Tags: |
Nessun Tag, puoi essere il primo ad aggiungerne!!
|
MARC
| LEADER | 00000nam a2200000 4500 | ||
|---|---|---|---|
| 001 | 0045526 | ||
| 005 | 20221129100237.9 | ||
| 020 | |a 0-631-21095-4 | ||
| 041 | 0 | |a eng | |
| 044 | |a US | ||
| 245 | 1 | 0 | |a Games and information |b <an> introduction to game theory |c Eric Rasmusen |
| 250 | |a 3. ed. | ||
| 264 | 1 | |a Malden |b Blackwell Publishing |c 2001 | |
| 300 | |a 445 s. | ||
| 610 | 2 | 0 | |a teória hier |
| 610 | 2 | 0 | |a informácie asymetrické |
| 610 | 2 | 0 | |a výskum operačný |
| 610 | 2 | 0 | |a programovanie matematické |
| 610 | 2 | 0 | |a hry ekonomické |
| 610 | 2 | 0 | |a hry hazardné |
| 100 | 1 | |a Rasmusen, Eric | |